ბათუმის შოთა რუსთაველის სახელმწიფო უნივერსიტეტის ბიბლიოთეკა

ნარკვევები საქართველოს ისტორიიდან. [ტ. 1], (XIII-XIV სს.) / (ბიბ.ჩანაწერი № 56216)

000 -ლიდერი
ფიქსირებული სიგრძის საკონტროლო ველი 01039nam a2200229Ia 4500
001 - საკონტროლო ნომერი
საკონტროლო ველი 23317
003 - საკონტროლო ნომრის იდენტიფიკატორი
საკონტროლო ველი GE_BSU
005 - ბოლო ოპერაციის თარიღი და დრო
საკონტროლო ველი 20251204195936.0
008 - ფიქსირებული სიგრძის მონაცემთა ელემენტები - ზოგადი ინფორმაცია
ფიქსირებული სიგრძის საკონტროლო ველი 181216s1962||||ge |||||||||||||| ||geo||
040 ## - კატალოგიზაციის წყარო
Transcribing agency GE_BSU
041 ## - ენის კოდი
Language code of text/sound track or separate title geo
080 ## - უნივერსალური ათობითი კლასიფიკაციის ინდექსი
Universal Decimal Classification number 94(479.22)"12/13 გ-46
100 ## - მთავარი ჩანაწერი - პიროვნების სახელი
Personal name გვრიტიშვილი, დავით
9 (RLIN) 16228
245 ## - ცნობა სათაურის შესახებ
Title ნარკვევები საქართველოს ისტორიიდან. [ტ. 1], (XIII-XIV სს.) /
Statement of responsibility, etc დავით გვრიტიშვილი ; რედ. კ. ჯოხიძე.
264 ## - წარმოების, გამოცემის, დისტრიბუციის და სხვა ცნობები
გამოცემის, წარმოების, დისტრიბუციის... ადგილი თბილისი :
გამოცემის, წარმოების, დისტრიბუციის... სახელწოდება საბჭ. საქართველო,
გამოცემის, წარმოების, დისტრიბუციის... თარიღი 1962.
300 ## - ფიზიკური აღწერა
Extent 381 გვ. ;
Dimensions 22 სმ.
504 ## - BIBLIOGRAPHY, ETC. NOTE
Bibliography, etc ბიბლიოგრაფია შენიშვნებში
653 ## - INDEX TERM--UNCONTROLLED
Uncontrolled term ნარკვევები საქართველოს ისტორიიდან - (XIII-XIV სს.)
653 ## - INDEX TERM--UNCONTROLLED
Uncontrolled term საქართველოს ისტორია
942 ## - ADDED ENTRY ELEMENTS (KOHA)
Koha item type წიგნი
Source of classification or shelving scheme
ეგზემპლარები
ჩამოწერის სტატუსი დაკარგული ეგზემპლარის სტატუსი კლასიფიკაციის წყარო ან თაროზე გაწყობის სქემა დაზიანების სტატუსი არ გაიცემა მუდმივი მდებარეობა (დაცვის ადგილი) ამჟამინდელი ადგილსამყოფელი თაროზე განთავსების ადგილი შეძენის თარიღი ღირებულება, შესყიდვის ნორმალური ფასი სრული შენახვის შიფრი შტრიხკოდი ბოლო ოპერაციის თარიღი ეგზემპლარის მიმდევრობითი ნომერი (კეტერი?) ფასის ძალაში შესვლის თარიღი ეგზემპლარის სახეობა საჯარო შენიშვნა
          ბათუმის შოთა რუსთაველის სახელმწიფო უნივერსიტეტის მთავარი ბიბლიოთეკა ბათუმის შოთა რუსთაველის სახელმწიფო უნივერსიტეტის მთავარი ბიბლიოთეკა წიგნსაცავი 2018-12-17 3.00 94(479.22) 28275 2018-12-17 28275 2018-12-17 წიგნი 3.00 ₾.